LEADER 00890nam0 2200289 450 001 000008813 005 20090203094603.0 010 $a978-88-02-07713-0 100 $a20080110d2007----km-y0itay50------ba 101 0 $aita 102 $aIT 105 $ay-------001yy 200 1 $a<>dizionario di politica$fNorberto Bobbio, Nicola Matteucci, Gianfranco Pasquino 210 $aTorino$cUTET libreria$dstampa 2007 215 $aX, 1041 p.$d22 cm 451 0$1001000014130 451 0$1001000000492 610 1 $aPolitica - Dizionari 676 $a320.03$v21 700 1$aBobbio,$bNorberto$024662 701 1$aPasquino,$bGianfranco$0124397 701 1$aMatteucci,$bNicola$c<1926- >$0127539 801 0$aIT$bUNIPARTHENOPE$c20080110$gRICA$2UNIMARC 912 $a000008813 951 $a0-0007$b40055$cNAVA3$d20080110 996 $aDizionario di politica$988005 997 $aUNIPARTHENOPE